000 00217nam a2200085Ia 4500
008 250605s9999 xx 000 0 und d
041 _aeng
100 _aRohit Chibhrani
245 _aAlchemist Marketing and Talent Solutions
999 _c44906
_d44906